Vedení elektrická - kabelovody

Jazyk: Čeština
Vydáno: Praha : Ústav racionalizace ve stavebnictví, 1991
Edice: Katalog popisů a směrných cen stavebních prací
Fyzický popis: 27 s.
Knihy
Uloženo v:
LEADER 00670nam a22001932a 4500
001 000180437
003 CZ BrMZK
005 20071112140218.0
008 970103s1991 xr f cze d
040 |a BOA001  |b cze 
080 |a 621.315.2(085.7)  |2 MRF 
245 0 0 |a Vedení elektrická - kabelovody 
260 |a Praha :  |b Ústav racionalizace ve stavebnictví,  |c 1991 
300 |a 27 s. 
490 1 |a Katalog popisů a směrných cen stavebních prací ;  |v 828-1 
830 0 |a Katalog popisů a směrných cen stavebních prací  |0 s 
910 |a BOA001  |b TK-0248.198 
990 |a BK 
996 7 |b 2629989521  |c TK-0248.198  |l MZK  |r Sklad / do 24 hodin  |n 1  |w 000180437  |u 000010  |a 1  |e BOA001  |j MZK50  |s A